Statistics for Ствари које могу да лете

Click here to take the quiz!

General Stats

  • This quiz has been taken 252 times
  • The average score is 15 of 21

Answer Stats

ТрагОдговор% Correct
Вилбур и Орвил Рајт су направили првиАвион
100%
Велико, легендарно створење које бљује ватруЗмај
97%
Одрасла гусеницаЛептир
95%
Ноћни сисар који се понекад повезује са вампиримаСлепи миш
92%
Флексибилна кеса која ће летети ако је напуњена хелијумомБалон
90%
Направа која кружи око планете или звездеСателит
87%
Ваздухоплов који лети помоћу хоризонталног ротораХеликоптер
86%
Животиња која прави медПчела
86%
Жена која лети помоћу метлеВештица
85%
Слон са великим ушима из истоименог Дизнијевог филмаДамбо
81%
Духовно биће за које се верује да делује као пратилац, агент или Божји гласникАнђео
81%
Суперхерој чија је слабост криптонитСупермен
79%
Робот на даљинско управљање. Мали се користе као играчке. Велики испаљују пројектиле.Дрон
79%
Митско биће у европском фолклору. Звончица је била једна.Вила
71%
Теоретичари завере би могли да виде један од ових на небу изнад области 51НЛО
66%
Најбржа птица на светуСиви соко
61%
Ваздушни брод са крутом носећом конструкцијом, као што је ХинденбургЦепелин
40%
Свемирско тело које се састоји од језгра леда и прашинеКомета
38%
Дадиља која лети уз помоћ магичног кишобранаМери Попинс
37%
Овај рођак диносауруса био је први откривени летећи гмизавацПтеродактил
24%
Митско створење са телом лава и главом и крилима орлаГрифон
22%

Score Distribution

Percentile by Number Answered

Percent of People with Each Score

Your Score History

You have not taken this quiz